A Christian Response to Homosexuality (Record no. 11401)

MARC details
000 -LEADER
fixed length control field 00586nam a2200229 a 4500
001 - CONTROL NUMBER
control field 0001-1401
003 - CONTROL NUMBER IDENTIFIER
control field ELIB.Books
008 - FIXED-LENGTH DATA ELEMENTS--GENERAL INFORMATION
fixed length control field 160803 2010 eng
020 ## - INTERNATIONAL STANDARD BOOK NUMBER
International Standard Book Number 9814138134
035 ## - SYSTEM CONTROL NUMBER
System control number (ELIB.Books)0001-1556
092 ## - LOCALLY ASSIGNED DEWEY CALL NUMBER (OCLC)
Classification number 241.66
Item number NCCS
100 ## - MAIN ENTRY--PERSONAL NAME
Personal name NCCS
245 ## - TITLE STATEMENT
Title A Christian Response to Homosexuality
260 ## - PUBLICATION, DISTRIBUTION, ETC. (IMPRINT)
Place of publication, distribution, etc. Singapore
Name of publisher, distributor, etc. Genesis Publishers
Date of publication, distribution, etc. 2004
300 ## - PHYSICAL DESCRIPTION
Extent 129
Dimensions 20.5 Cm
650 ## - SUBJECT ADDED ENTRY--TOPICAL TERM
Topical term or geographic name as entry element Homosexuality
856 ## - ELECTRONIC LOCATION AND ACCESS
Name of location of host KBTS Library
Uniform Resource Identifier <a href="KBTS: ELIB">KBTS: ELIB</a>
942 ## - ADDED ENTRY ELEMENTS (KOHA)
Source of classification or shelving scheme Dewey Decimal Classification
Koha item type Books
990 ## - EQUIVALENCES OR CROSS-REFERENCES [LOCAL, CANADA]
Link information for 9XX fields 2
998 ## - LOCAL CONTROL INFORMATION (RLIN)
Cataloger's initials, CIN (RLIN) bat
-- 2016-08-03
-- cat
-- 2018-11-15
Holdings
Withdrawn status Lost status Source of classification or shelving scheme Damaged status Not for loan Home library Current library Date acquired Total Checkouts Barcode Date last seen Bill Date Koha item type
    Dewey Decimal Classification     Karen Baptist Theological Seminary Library Karen Baptist Theological Seminary Library 03/08/2016   E000016048, E0000160 22/01/2022 22/01/2022 Books
Implemented & Customized by: BestBookBuddies

Powered by Koha